Central Library OPAC University of Rajshahi

Office of the economic adviser to the government of India / (Record no. 50736)

MARC details
000 -LEADER
fixed length control field 00724cam a2200229u 4500
001 - CONTROL NUMBER
control field 50736
003 - CONTROL NUMBER IDENTIFIER
rucl marc code BD-RjUL
005 - DATE AND TIME OF LATEST TRANSACTION
control field 20211209075545.0
008 - FIXED-LENGTH DATA ELEMENTS--GENERAL INFORMATION
fixed length control field 160828m1940 ii a 000 0 eng
035 ## - SYSTEM CONTROL NUMBER
System control number (BD-RjUL)50856
040 ## - CATALOGING SOURCE
Original cataloging agency DLC
Transcribing agency CarP
Modifying agency DLC
Language of cataloging eng
041 ## - LANGUAGE CODE
Language code of text/sound track or separate title eng
082 ## - DEWEY DECIMAL CLASSIFICATION NUMBER
Edition number 23
Classification number 330.954
Author mark and year OFF 1946
110 1# - MAIN ENTRY--CORPORATE NAME
Corporate name or jurisdiction name as entry element India.
Subordinate unit Office of the economic adviser. [from old catalog]
9 (RLIN) 151900
245 10 - TITLE STATEMENT
Title Office of the economic adviser to the government of India /
260 ## - PUBLICATION, DISTRIBUTION, ETC. (IMPRINT)
Place of publication, distribution, etc. Delhi :
Name of publisher, distributor, etc. The Manager of publications,
Date of publication, distribution, etc. 1946
300 ## - PHYSICAL DESCRIPTION
Pagination 621 P. :
Illustrations ill. ;
Size 29 cm.
651 #0 - SUBJECT ADDED ENTRY--GEOGRAPHIC NAME
Geographic name India
General subdivision Economic conditions.
9 (RLIN) 151901
942 ## - ADDED ENTRY ELEMENTS (KOHA)
Source of classification or shelving scheme Dewey Decimal Classification
Koha item type Books
Holdings
Lost status Source of classification or shelving scheme Damaged status Not for loan Collection code Permanent Location Current Location Shelving location Date acquired Source of acquisition Cost, normal purchase price Total Checkouts Full call number Date last seen Copy number Koha item type
  Dewey Decimal Classification     Non-fiction Central Library, University of Rajshahi Central Library, University of Rajshahi   05/02/1962 A.1 QURISHI 1.00   330.954 OFF 1946 28/08/2016 C-2 Books